| 000 | 00484nam a22001697a 4500 | ||
|---|---|---|---|
| 003 | NUST - PNEC | ||
| 005 | 20170116180832.0 | ||
| 008 | 150801b xxu||||| |||| 00| 0 eng d | ||
| 020 | _a0070124639 | ||
| 040 | _cLIBRARY | ||
| 082 | _a519.40285 CON | ||
| 100 |
_94714 _a Constantinides, Alkis |
||
| 245 |
_aApplied numerical methods with personal computers _c Alkis, Constantinides |
||
| 260 | _cc 1987 | ||
| 650 |
_94717 _aNumerical analysis--Data processing _xME |
||
| 942 |
_2ddc _cBK |
||
| 999 |
_c64070 _d64070 |
||